| 000 | 01131cam a22002775a 4500 | ||
|---|---|---|---|
| 001 | L159177 | ||
| 008 | 16022 s2014 xxk f 000 0 eng d | ||
| 020 | _a978161310233 | ||
| 035 | _a(Sirsi) u159177 | ||
| 041 | 0 | _aeng | |
| 050 | 0 | 4 | _a347.4109 $2 18 |
| 100 | 1 | _aMerkin, Robert | |
| 245 | 0 | 0 | _aArbitration Act 1996 |
| 250 | _a5th ed. | ||
| 260 |
_aLondon _bInforma Law _c2014 |
||
| 300 |
_axxxix, 565p. _c25cm. |
||
| 520 | _aProvides indepth annotated coverage of the Arbitration Act 1996 including reference to case law throughout. Looks at the background to the 1996 Act, explains how the arbitration process works, looks at how general arbitration provision works outside of the Act and recognition and enforcement of foreign awards. Appendices include DAC Reports, UNCITRAL Model Law, CPR 62 and Practice Direction and New York Convention text and list of signatory states. | ||
| 520 | _aSupersedes the fourth edition. | ||
| 521 | _aAdvanced | ||
| 590 | _aKA | ||
| 650 | 2 | 4 | _aARBITRATION ACT 1996 |
| 651 | 4 |
_aEngland _y886- |
|
| 690 |
_aDispute resolution _96236 |
||
| 700 | 1 | _aFlannery, Louis | |
| 942 | _n0 | ||
| 999 |
_c115720 _d115720 |
||